| 000 | 00572nam a2200181Ia 4500 | ||
|---|---|---|---|
| 999 |
_c331538 _d331538 |
||
| 003 | NUST | ||
| 005 | 20171004104925.0 | ||
| 008 | 161124s9999 xx 000 0 und d | ||
| 020 | _a0965564398 | ||
| 040 | _c0 | ||
| 041 | _aEnglish | ||
| 082 | _a551.48 SER | ||
| 100 |
_aSerrano,Sergio E. _9260 |
||
| 245 |
_aHydrology for Engineers Geologists and Environmental Professionals: _bAn integrated treatment of surface subsurface,and contaminant hydrology _cSergio E.Serrano |
||
| 260 |
_bHydroscience inc _c1997 _aKentucky |
||
| 300 | _a452p. | ||
| 500 | _aH.B Photo copy | ||
| 942 |
_cBK _2ddc _kIESE |
||